书目信息 |
| 题名: |
政治经济学
|
|
| 作者: | ;北方十三所高等院校编写组编 | |
| 分册: | ||
| 出版信息: | 西安 陕西人民出版社 1983.2 |
|
| 页数: | 389页 | |
| 开本: | 21cm | |
| 丛书名: | ||
| 单 册: | ||
| 中图分类: | F0-0 , F0 | |
| 科图分类: | ||
| 主题词: | 政治经济学 , 社会主义政治经济学 , 政治经济学 | |
| 电子资源: | ||
| ISBN: | ||
| 000 | 00803nam0 2200289 45 | |
| 001 | 0179009169 | |
| 005 | 20040424083735.1 | |
| 010 | @dCNY1.10 | |
| 091 | @a4094.82 | |
| 100 | @a19950915d1983 em y0chiy0121 ea | |
| 101 | 0 | @achi |
| 102 | @aCN@b610000 | |
| 105 | @ay z 000yy | |
| 106 | @ar | |
| 200 | 10 | @a政治经济学@Azheng zhi jing ji xue@e社会主义部分@f北方十三所高等院校编写组编 |
| 210 | @a西安@c陕西人民出版社@d1983.2 | |
| 215 | @a389页@d21cm | |
| 300 | @a限国内发行 | |
| 300 | @a高等学校文科教材 | |
| 606 | @a政治经济学 | |
| 606 | @a社会主义政治经济学 | |
| 606 | 0 | @a政治经济学 |
| 690 | @aF0-0@v3 | |
| 690 | @aF0 | |
| 711 | 02 | @a北方十三所高等院校编写组编@ABei Fang Shi San Suo Gao Deng Yuan Xiao Bian Xie Zu Bian |
| 801 | 0 | @aCN@bNLC@c20040424 |
| 905 | @f3@b86320-322@dF0@e35 | |
| 政治经济学:社会主义部分/北方十三所高等院校编写组编.-西安:陕西人民出版社,1983.2 |
| 389页;21cm |
| 限国内发行.-高等学校文科教材 |
| ISBN :CNY1.10 |
| ● |
| 相关链接 |
|
|
|
|
正题名:政治经济学
索取号:F0/35
 
预约/预借
| 序号 | 登录号 | 条形码 | 馆藏地/架位号 | 状态 | 备注 |
| 1 | 0086320 | 001266310 | 密集书库/ [索取号:F0/35] | 在馆 | |
| 2 | 0086321 | 001266301 | 密集书库/ [索取号:F0/35] | 在馆 | |
| 3 | 0086322 | 001266061 | 第一借阅区/ [索取号:F0/35] | 在馆 | |
| 4 | 0086323 | 001266329 | 第一样本阅览室/ [索取号:F0/35] | 在馆 |